| 000 | 00547nam a22001932 4500 | ||
|---|---|---|---|
| 001 | 0000009648 | ||
| 005 | 20151217160121.0 | ||
| 008 | 081114s xx 000 0 eng d | ||
| 020 | _a0803708289 : | ||
| 040 |
_aKABU _cKABU |
||
| 100 | 1 |
_aMarshall, James. _@0000161376 |
|
| 245 | 1 | 0 |
_aHansel and Gretel / _cretold and illustrated by James Marshall. |
| 250 | _a1st ed. | ||
| 260 |
_aNew York : _bDial Books, _c1990. |
||
| 300 | _a[30] p. | ||
| 852 | 1 | _9p200 KES | |
| 908 | _a081114 | ||
| 950 | _@1 | ||
| 999 |
_c14520 _d14520 |
||